000 00459nam a22001817a 4500
999 _c526119
_d526119
003 NUST
020 _a9789695932049
038 _aZafar Malik
082 _a891.4911
_bSAR
100 _aSara, Tahira
_917080
245 _aBol Di Mitti \
_cTahira Sara
260 _aLahore :
_bSanjh Punlications ;
_c2016.
300 _a135 p. ;
500 _aHardcover
880 _6100-02\r
_aطاہرہ سرا
880 _6245-02\r
_aبولدی مٹی
942 _2ddc
_cBK